书目信息 |
| 题名: |
FBI测谎术
|
|
| 作者: | 鲁芳 著 | |
| 分册: | ||
| 出版信息: | 北京 中国法制出版社 2017 |
|
| 页数: | 234页 | |
| 开本: | 24cm | |
| 丛书名: | ||
| 单 册: | ||
| 中图分类: | C912.11-49 , C912.11 | |
| 科图分类: | ||
| 主题词: | 心理交往--通俗读物 | |
| 电子资源: | ||
| ISBN: | 978-7-5093-8469-5 | |
| 000 | 00904nam0 2200253 450 | |
| 001 | 381 | |
| 005 | 20180520213636.64 | |
| 010 | @a978-7-5093-8469-5@dCNY36.00 | |
| 100 | @a20170905d2017 em y0chiy50 ea | |
| 101 | 0 | @achi |
| 102 | @aCN@b110000 | |
| 105 | @aa z 000yy | |
| 200 | 1 | @aFBI测谎术@9FBI ce huang shu@e美国联邦警察教你无敌测谎术@f鲁芳著 |
| 205 | @a3版 | |
| 210 | @a北京@c中国法制出版社@d2017 | |
| 215 | @a234页@c图@d24cm | |
| 330 | @a本书分两大部分,前四章为第一部分,主要从人体面部表情、肢体语言、语气语调等探讨如何识别人心,其中也穿插了一些识谎的小技巧;第二部分则重点讲述测谎、识谎的方式和方法。 | |
| 517 | 1 | @a美国联邦警察教你无敌测谎术@9mei guo lian bang jing cha jiao ni wu di ce huang shu |
| 606 | 0 | @a心理交往@j通俗读物 |
| 690 | @aC912.11-49@v5 | |
| 690 | @aC912.11@v4 | |
| 701 | 0 | @a鲁芳@9lu fang@4著 |
| 801 | 0 | @aCN@b91MARC@c20170905 |
| 905 | @aMuseLib@dC912.11@e1269=3 | |
| FBI测谎术:美国联邦警察教你无敌测谎术/鲁芳著.-3版.-北京:中国法制出版社,2017 |
| 234页:图;24cm |
| ISBN 978-7-5093-8469-5:CNY36.00 |
| 本书分两大部分,前四章为第一部分,主要从人体面部表情、肢体语言、语气语调等探讨如何识别人心,其中也穿插了一些识谎的小技巧;第二部分则重点讲述测谎、识谎的方式和方法。 |
| ● |
| 相关链接 |
|
|
|
|
正题名:FBI测谎术
索取号:C912.11/1269=3
 
预约/预借
| 序号 | 登录号 | 条形码 | 馆藏地/架位号 | 状态 | 备注 |
| 1 | 1076506 | 210765064 | 第一样本阅览室/ [索取号:C912.11/1269=3] | 在馆 | |
| 2 | 1076507 | 210765073 | 密集书库-马院/ [索取号:C912.11/1269=3] | 在馆 | |
| 3 | 1076508 | 210765082 | 第一借阅区/ [索取号:C912.11/1269=3] | 在馆 | |
| 4 | 1076509 | 210765091 | 第一借阅区/ [索取号:C912.11/1269=3] | 在馆 | |
| 5 | 1076510 | 210765108 | 第一借阅区/ [索取号:C912.11/1269=3] | 在馆 | |
| 6 | 1076511 | 210765117 | 第一借阅区/ [索取号:C912.11/1269=3] | 在馆 | |
| 7 | 1102218 | 211022187 | 第一借阅区/ [索取号:C912.11/1269=3] | 在馆 | |
| 8 | 1102219 | 211022196 | 教育系资料室/ [索取号:C912.11/1269=3] | 在馆 | |
| 9 | 1102220 | 211022203 | 教育系资料室/ [索取号:C912.11/1269=3] | 在馆 | |
| 10 | 1102221 | 211022212 | 教育系资料室/ [索取号:C912.11/1269=3] | 在馆 | |
| 11 | 1102222 | 211022221 | 第一借阅区/ [索取号:C912.11/1269=3] | 在馆 | |
| 12 | 1102223 | 211022230 | 第一借阅区/ [索取号:C912.11/1269=3] | 在馆 |